Quizzes
Events
Quiz Creation
Community
Videos
Private Events
Remove Ads
Sign In
Join for FREE
Feedback
Dark Mode
Quiz Categories
Sports
Geography
Music
Movies
Television
Just For Fun
Miscellaneous
History
Literature
Language
Science
Gaming
Entertainment
Religion
Holiday
For Kids
Quiz Lab
Recent
Popular Today
Quiz Kudos Today
Editor Picks
Curator Picks
Quizzes by...
Day
Popularity
Type
Ratings
Length
Year
Community
Subscriptions
Recent Discussions
Orange Saloon
Badges
Playlists
Quests
Create
Leaderboards
Showdown
Live 5
Trivia Bingo
Activity
Puzzle Library
Sporcle Events
Private Events
Virtual Trivia
Globe League
Become a Host
Pub Owners
SporcleCon
Opinionation
Our Games
Videos
Blog
Mobile Apps
Partnerships
Remove Ads and Go Orange
Feedback
Religion
Mythology
Religious Music
World Religions
Bible
Christianity
Catholicism
Judaism
Church
Scripture
Islam
Verse
Religion
Mythology
Religious Music
World Religions
Bible
Christianity
Catholicism
Judaism
Church
Scripture
Islam
Verse
Random Quiz
Search Sporcle
×
Quiz Lab
Quiz Lab
Religion
Book
Type in answers that appear in a list
Type in answers that appear in a list
Classic
Best Score? Go Orange.
Name Books of Bible Stats
Can you name the Books of the Bible in order?
By
hbshobbs
10m
66 Questions
122 Plays
122 Plays
122 Plays
Comments
Comments
Give Quiz Kudos
Give Quiz Kudos
-
- Ratings
hide this ad
Forced Order
Answers have to be entered in order
Answers have to be entered in order
Replay
Link that replays current quiz
Next Quiz
Link to next quiz in quiz playlist
You Got
0%
They Got
Avg Score
68%
Avg Friend Score
Upgrade to see
Score Distribution
Jump to the score distribution portion of the page
Score
0/66
Timer
10:00
0
Plays Today
Hint
Book
% Correct
Old Testament -
Book 1
Genesis
98.4%
Old Testament -
Book 2
Exodus
96.7%
Old Testament -
Book 3
Leviticus
94.3%
Old Testament -
Book 4
Numbers
94.3%
Old Testament -
Book 5
Deuteronomy
92.6%
Old Testament -
Book 6
Joshua
89.3%
Old Testament -
Book 7
Judges
89.3%
Old Testament -
Book 8
Ruth
87.7%
Old Testament -
Book 9
1 Samuel
82.8%
Old Testament -
Book 10
2 Samuel
82.8%
Old Testament -
Book 11
1 Kings
82.8%
Old Testament -
Book 12
2 Kings
82.8%
Old Testament -
Book 13
1 Chronicles
82%
Old Testament -
Book 14
2 Chronicles
82%
Old Testament -
Book 15
Ezra
75.4%
Old Testament -
Book 19
Psalms
75.4%
Old Testament -
Book 20
Proverbs
75.4%
Old Testament -
Book 16
Nehemiah
74.6%
Old Testament -
Book 18
Job
74.6%
New Testament -
Book 1
Matthew
73%
New Testament -
Book 2
Mark
73%
New Testament -
Book 3
Luke
73%
New Testament -
Book 4
John
73%
Old Testament -
Book 17
Esther
72.1%
New Testament -
Book 5
Acts
70.5%
Old Testament -
Book 21
Ecclesiastes
68%
New Testament -
Book 6
Romans
68%
New Testament -
Book 7
1 Corinthians
67.2%
New Testament -
Book 8
2 Corinthians
67.2%
Old Testament -
Book 39
Malachi
65.6%
New Testament -
Book 9
Galatians
65.6%
New Testament -
Book 27
Revelation
65.6%
New Testament -
Book 12
Colossians
63.9%
Hint
Book
% Correct
Old Testament -
Book 23
Isaiah
63.1%
New Testament -
Book 10
Ephesians
63.1%
New Testament -
Book 26
Jude
63.1%
Old Testament -
Book 24
Jeremiah
62.3%
New Testament -
Book 11
Philippians
61.5%
New Testament -
Book 23
1 John
61.5%
New Testament -
Book 13
1 Thessalonians
60.7%
New Testament -
Book 21
1 Peter
60.7%
New Testament -
Book 22
2 Peter
60.7%
New Testament -
Book 24
2 John
60.7%
New Testament -
Book 25
3 John
60.7%
Old Testament -
Book 25
Lamentations
59.8%
Old Testament -
Book 27
Daniel
59.8%
New Testament -
Book 14
2 Thessalonians
59.8%
New Testament -
Book 18
Philemon
59%
New Testament -
Book 19
Hebrews
59%
New Testament -
Book 20
James
59%
Old Testament -
Book 22
Song of Songs
58.2%
Old Testament -
Book 38
Zechariah
57.4%
New Testament -
Book 17
Titus
57.4%
Old Testament -
Book 26
Ezekiel
56.6%
Old Testament -
Book 30
Amos
56.6%
Old Testament -
Book 32
Jonah
56.6%
New Testament -
Book 15
1 Timothy
56.6%
New Testament -
Book 16
2 Timothy
56.6%
Old Testament -
Book 29
Joel
55.7%
Old Testament -
Book 35
Habakkuk
55.7%
Old Testament -
Book 36
Zephaniah
55.7%
Old Testament -
Book 28
Hosea
54.9%
Old Testament -
Book 33
Micah
54.9%
Old Testament -
Book 37
Haggai
54.9%
Old Testament -
Book 31
Obadiah
53.3%
Old Testament -
Book 34
Nahum
53.3%
Quiz Playlist
Details
Report
Send in Message
Add To Playlist
Classic:
Type in answers that appear in a list
Forced Order:
Answers have to be entered in order
Last Updated: Apr 14, 2017
Quiz Scoreboard
CHALLENGE
Sign Up to Join the Scoreboard
Show All
Scores
Hide
Comments
May contain spoilers
Recently Published
Movies - When Are They Set?
by FPL_Elf
Movies
5m
Popular People in 1961
by mucciniale
History
6m
1-10 Letter E Words III
by El_Dandy
Language
2m
More to Explore
Quiz From the Vault
Featured Blog Post
Where Did the Easter Bunny Come From?
hide this ad
You Might Also Like...
Tags
Bible Quiz
Book Quiz
Order
Today's Top Quizzes in Religion
Browse Religion
hide this ad
Today's Top Quizzes in Book
Browse Book
Top Contributed Quizzes in Religion
1
10 to 1: Islam
2
5-to-1: Children of Gods
3
Religion Who Wants To Be A Millionaire
4
5-to-1: European Churches
5
10 to 1: Protestantism
6
Order Up: Seven Last Words of Christ
7
10 to 1: Norse Religion
8
One Thing in Common: Mythology
9
Prime Time: Religion
10
10 to 1: Judaism
Explore More
Trending Topics
Disney
Harry Potter
Kpop
NBA
Anime
Marvel
Crossword
NFL
Soccer
Country
Puzzle
Pokémon
The Office
Song
WWE
hide this ad
More By:
hbshobbs
Quiz
Plays
Rating
Category
Featured
Created
Name Books of Bible
122
4.50
Religion
May 8, 2012
Go to Creator's Profile
Score Distribution
Quiz Creator Spotlight
hbshobbs
Follow
Send a Message
Quizzes Created
-
Created Quiz Play Count
-
More By This Creator
Popular Quizzes Today
1
Find the Countries of Europe - No Outlines Minefield
2
Find the US States - No Outlines Minefield
3
The Countries of the World
4
Popular People in 1961
5
US States
6
1-10 Letter E Words III
7
Find the US States
8
One Thing in Common: World Cities II
More Religion Quizzes
20 Questions About Buddhism
Editor's Pick
Trending Quizzes
Risky Map Clicking: Least Populous States A-Z
1-10 Letter F Words
1-10 Letter G Words
One Thing in Common: United Kingdom
Risky Map Clicking: Next State Alphabetically
Recently Updated
Leaping Animals
pecheneg
Reality TV Shows (A-Z)
bhenderson79
Rickey Henderson's Hall of Fame Teammates
pecheneg
Champions League XIs: Arsenal
pecheneg
Quick Pick: Celebrities in WWE's Hall of Fame
aduchscher
A-Z Keypad Blitz II
pecheneg
Multiple Oscar Actors
pecheneg
Mystery Phrase Blitz: Oscar 'Best Actors'
pecheneg
F. Scott Fitzgerald Novels
LTH
Pick 3 Villains
ddd62291
Trending Topics
Harry Potter
Anime
NBA
Crossword
Marvel
Disney
Kpop
Song
Puzzle
NFL
Country
Soccer
The Office
WWE
Pokémon
Your Account Isn't Verified!
In order to create a playlist on Sporcle, you need to verify the email address you used during registration. Go to your
Sporcle Settings
to finish the process.
Report this User
Report this user for behavior that violates our
Community Guidelines
.
Details:
Send Report
Go to the Sporcle.com Mobile Site →
Comments